Discrete Mathematics : (Record no. 217727)

000 -LEADER
fixed length control field 00956 a2200193 4500
003 - CONTROL NUMBER IDENTIFIER
control field Nust
005 - DATE AND TIME OF LATEST TRANSACTION
control field 20230704120734.0
020 ## - INTERNATIONAL STANDARD BOOK NUMBER
International Standard Book Number 8120321219
040 ## - CATALOGING SOURCE
Transcribing agency Nust
082 ## - DEWEY DECIMAL CLASSIFICATION NUMBER
Classification number 511,GOO
100 ## - MAIN ENTRY--PERSONAL NAME
Personal name G.Goodaire, Edgar
9 (RLIN) 113296
245 ## - TITLE STATEMENT
Title Discrete Mathematics :
Remainder of title with Graph Theory /
Statement of responsibility, etc. Edgar G.Goodaire, Michael M. Parmenter
250 ## - EDITION STATEMENT
Edition statement 2nd Edition
260 ## - PUBLICATION, DISTRIBUTION, ETC.
Place of publication, distribution, etc. Prentice Hall
Name of publisher, distributor, etc. India
Date of publication, distribution, etc. 2003
300 ## - PHYSICAL DESCRIPTION
Extent 545 p
505 ## - FORMATTED CONTENTS NOTE
Formatted contents note Yes , there are proofs (Page-1), Sets and Relations (Page-37), Functions (Page-71), The Integers (Page-97), Induction and Recursion (Page-149), Principles of Counting (Page-187), Permuatation and Combinations (Page-211), Algorithms (Page-239), Graphs (Page-277), Paths and Cicuits (Page-303), Applications of Paths and circuits (Page-337), Trees (Page-367), Depth First search and applications (Page-399), Planar Graphs and Coloring (Page-413), The Max Flow (Page-441).
650 ## - SUBJECT ADDED ENTRY--TOPICAL TERM
Topical term or geographic name entry element Graph Theory
942 ## - ADDED ENTRY ELEMENTS (KOHA)
Source of classification or shelving scheme
Koha item type Book Bank
Holdings
Withdrawn status Lost status Source of classification or shelving scheme Damaged status Not for loan Permanent Location Current Location Shelving location Date acquired Full call number Barcode Date last seen Price effective from Koha item type Public note
          Military College of Signals (MCS) Military College of Signals (MCS) General Stacks 12/12/2016 511,GOO MCS30647 12/08/2016 12/12/2016 Book Almirah No.82, Shelf No.2
© 2023 Central Library, National University of Sciences and Technology. All Rights Reserved.